|
|
|
|
| LEADER |
00992cam a2200265 7i4500 |
| 001 |
0000001301 |
| 005 |
20250115090000.0 |
| 020 |
|
|
|a 9789678918145 (pbk.)
|
| 020 |
|
|
|a 9678912643 (pbk.)
|
| 040 |
|
|
|a OhCoOLI
|
| 090 |
0 |
0 |
|a KPG931.A311996
|b I53 2009
|
| 110 |
1 |
|
|a Malaysia
|
| 240 |
1 |
0 |
|a Insurance Act 1996
|
| 245 |
1 |
0 |
|a Insurance Act 1996 (Act 553), Regulations & Orders
|c compiled by: Legal Research Board.
|
| 260 |
|
|
|a Petaling Jaya, Selangor:
|b International Law Book Services,
|c 2002-.
|
| 300 |
|
|
|a 1 v. (various pagings);
|c 24 cm.
|
| 490 |
0 |
|
|a Laws of Malaysia
|
| 500 |
|
|
|a Library has : As at 25th July 2002, As at 1st April 2009
|
| 650 |
0 |
0 |
|a Insurance law --
|z Malaysia
|
| 710 |
2 |
|
|a Legal Research Board
|
| 997 |
|
|
|a Health Sciences, Faculty
|
| 999 |
|
|
|a 0000009482
|b BOK
|c ACTS
|e Ground Floor, Bestari Jaya
|
| 999 |
|
|
|a 0000040198
|b BOK
|c ACTS
|e 2nd Floor, Shah Alam
|
| 999 |
|
|
|a 0000040199
|b BOK
|c ACTS
|e 2nd Floor, Shah Alam
|
| 999 |
|
|
|a 0000040200
|b BOK
|c ACTS
|e 2nd Floor, Shah Alam
|